Library of the University of Algiers 3
Ibrahim Sultan Cheibout
شعار جامعة الجزائر 3
مكتبة جامعة الجزائر 3
إبراهيم سلطان شيبوط

الأساليب الإحصائية في اتخاذ القرار : (رقم التسجيلة. 43163)

تفاصيل مارك
000 -LEADER
fixed length control field 01309nam a2200265Ia 4500
003 - CONTROL NUMBER IDENTIFIER
control field Ost
005 - DATE AND TIME OF LATEST TRANSACTION
control field 20260507075127.0
008 - FIXED-LENGTH DATA ELEMENTS--GENERAL INFORMATION
fixed length control field 260507s9999||||xx |||||||||||||| ||und||
020 ## - INTERNATIONAL STANDARD BOOK NUMBER
International Standard Book Number 9957021966
040 ## - CATALOGING SOURCE
Transcribing agency fsecg
041 ## - LANGUAGE CODE
Language code of text/sound track or separate title ara
082 ## - DEWEY DECIMAL CLASSIFICATION NUMBER
Classification number 330
100 ## - MAIN ENTRY--PERSONAL NAME
Personal name الشمرتي، حامد
Relator term مؤلف
245 #0 - TITLE STATEMENT
Title الأساليب الإحصائية في اتخاذ القرار :
Remainder of title تطيقات في منظمات في منظمات أعمال انتاجية خدمية /
Statement of responsibility, etc. حامد الشمرتي
260 ## - PUBLICATION, DISTRIBUTION, ETC.
Place of publication, distribution, etc. عمان:
Name of publisher, distributor, etc. مجدلاوي,
Date of publication, distribution, etc. 2005
300 ## - PHYSICAL DESCRIPTION
Extent 443 صفحة؛
Other physical details إيضاحات ؛
Dimensions 25 سم
520 ## - SUMMARY, ETC.
Summary, etc. مفاهيم عامة في الإحصاء واتخاذ القرار- تبويب وعرض وتمثيل البيانات الإحصائية- مقاييس النزعة المركزية- مقاييس التشتت-أساليب التوقيع-الإحتمالات- العينات- التوزيعات الإحصائية- الأرقام القياسية-الفرضيات الإحصائية
653 ## - INDEX TERM--UNCONTROLLED
Uncontrolled term الإحتمالات
653 ## - INDEX TERM--UNCONTROLLED
Uncontrolled term الأرقام القياسية
653 ## - INDEX TERM--UNCONTROLLED
Uncontrolled term الأساليب الإحصائية
653 ## - INDEX TERM--UNCONTROLLED
Uncontrolled term التوزيعات الإحصائية
653 ## - INDEX TERM--UNCONTROLLED
Uncontrolled term العينات
700 ## - ADDED ENTRY--PERSONAL NAME
Personal name الفضل، مؤيد
Relator term مؤلف ثانوي
942 ## - ADDED ENTRY ELEMENTS (KOHA)
Koha item type كتب
المقتنيات
Withdrawn status Lost status Source of classification or shelving scheme Damaged status Not for loan Home library Current library Date acquired Serial enumeration / chronology Inventory number Total checkouts Full call number Barcode Date last seen Price effective from Koha item type
    Dewey Decimal Classification   Available مكتبة كلية العلوم الإقتصادية والعلوم التجارية وعلوم التسيير مكتبة كلية العلوم الإقتصادية والعلوم التجارية وعلوم التسيير 07/05/2026 الطابق الثاني 2091/9   أ/2091ن9 2091/9 07/05/2026 07/05/2026 كتب

موارد الويب المفتوحة


© University of Algiers 3 All Rights Reserved
|
Implemented by LECHELAH Riad